Geografia cestovného ruchu
Na minha lista:
| Autor principal: | |
|---|---|
| Formato: | Livro |
| Idioma: | eslovaco |
| Publicado em: |
Bratislava
Slov. ped. nakl.
1992
|
| Edição: | 1. vyd. |
| Assuntos: | |
| Tags: |
Sem tags, seja o primeiro a adicionar uma tag!
|
MARC
| LEADER | 00000nam a2200000 4500 | ||
|---|---|---|---|
| 001 | c001086 | ||
| 005 | 20221128072815.5 | ||
| 020 | |a 80-08-00346-4 | ||
| 041 | 0 | |a slo | |
| 044 | |a SK | ||
| 245 | 1 | 0 | |a Geografia cestovného ruchu |c Emil Kopšo a kol. |
| 250 | |a 1. vyd. | ||
| 264 | 1 | |a Bratislava |b Slov. ped. nakl. |c 1992 | |
| 300 | |a 327 s. | ||
| 610 | 2 | 0 | |a geografia hospodárska |
| 610 | 2 | 0 | |a ruch cestovný |
| 610 | 2 | 0 | |a geografia |
| 610 | 2 | 0 | |a ČSFR |
| 610 | 2 | 0 | |a západná Európa |
| 610 | 2 | 0 | |a východná Európa |
| 610 | 2 | 0 | |a Amerika |
| 610 | 2 | 0 | |a Afrika |
| 610 | 2 | 0 | |a Ázia |
| 610 | 2 | 0 | |a Oceánia |
| 100 | 1 | |a Kopšo, Emil | |